| 000 | 00841nam a2200253 a 4500 | ||
|---|---|---|---|
| 001 | BRCA_7873 | ||
| 005 | 20190320210031.0 | ||
| 008 | 191113s1884----gw-a######---#000-0#ger-# | ||
| 041 | _ager | ||
| 044 | _agw | ||
| 050 | 4 |
_aND588.D8 _b.A43 1884 |
|
| 245 | 1 | 0 | _aAlbrecht Durer´s kleine passion. |
| 260 |
_aMúnich _bG. Hirth _c1884 |
||
| 300 |
_a2 v. (sin paginación) _bil., 37 láminas _c22 cm. |
||
| 440 | 0 |
_aLiebhaber-Bibliothek alter Illustratoren in Facsimile-Reproduction _v8 _919477 |
|
| 500 | _aY137 | ||
| 500 | _aExiste un ejemplar igual con el mismo número de control Y137 | ||
| 500 | _aDos ejemplares inventariados como un sólo libro por el Banco de México | ||
| 600 | 1 | 4 |
_aDurer, Albrecht _d1471-1528 _948 |
| 650 | 1 | 4 |
_aGrabadores alemanes _97216 |
| 650 | 1 | 4 |
_aGrabados alemanes _919478 |
| 902 | _aGFM | ||
| 942 |
_2lcc _cB |
||
| 999 |
_c7547 _d7547 |
||